A székelyek és a Székelyföld régészeti kutatásának eredményei és feladatai

Elmentve itt :
Bibliográfiai részletek
Szerző: Benkő Elek
Dokumentumtípus: Cikk
Megjelent: 1993
Sorozat:Aetas 8 No. 3
Kulcsszavak:Régészet - Erdély, Székelyföld története, Székelyek története
Online Access:http://acta.bibl.u-szeged.hu/40572
LEADER 00672nab a2200181 i 4500
001 acta40572
005 20260224081030.0
008 170706s1993 hu o 000 hun d
022 |a 0237-7934 
040 |a SZTE Egyetemi Kiadványok Repozitórium  |b hun 
041 |a hun 
100 1 |a Benkő Elek 
245 1 2 |a A székelyek és a Székelyföld régészeti kutatásának eredményei és feladatai  |h [elektronikus dokumentum] /  |c  Benkő Elek 
260 |c 1993 
300 |a 5-20 
490 0 |a Aetas  |v 8 No. 3 
695 |a Régészet - Erdély, Székelyföld története, Székelyek története 
856 4 0 |u http://acta.bibl.u-szeged.hu/40572/1/aetas_1993_003_005-020.pdf  |z Dokumentum-elérés